| 000 -CABECERA |
| Longitud fija campo de control |
00471nam a2200133 a 4500 |
| 001 - NÚMERO DE CONTROL |
| Número de control |
4360 |
| 003 - IDENTIFICADOR DEL NÚMERO DE CONTROL |
| Identificador del número de control |
CDMR |
| 005 - FECHA Y HORA DE LA ÚLTIMA TRANSACCIÓN |
| Fecha y hora de la última transacción |
20130529103425.0 |
| 008 - CÓDIGOS DE INFORMACIÓN DE LONGITUD FIJA |
| Códigos de información de longitud fija |
130130s2003||||||||||||||||||||||||||||d |
| 040 ## - FUENTE DE LA CATALOGACIÓN |
| Centro catalogador de origen |
CDMR |
| Lengua de catalogación |
cat |
| Centro transcriptor |
CPC GIRONA |
| 245 03 - MENCIÓN DE TÍTULO |
| Título |
El blanc i el negre |
| Resto del título |
: un diàleg a fons sobre immigració, política i ciutadania |
| Mención de responsabilidad, etc. |
Aliou Diao... [et al.] |
| 260 ## - PUBLICACIÓN, DISTRIBUCIÓN, ETC. (PIE DE IMPRENTA) |
| Lugar de publicación, distribución, etc. |
Girona |
| Nombre del editor, distribuidor, etc. |
Grups de Recerca i Actuació amb Minories Culturals i Treballadors Estrangers (GRAMC) |
| Fecha de publicación, distribución, etc. |
2003 |
| 942 ## - ENTRADA DE ELEMENTOS AGREGADOS (KOHA) |
| Koha [por defecto] tipo de item |
Monografies |
| Fuente de clasificaión o esquema |
|